[Event "40th URS-ch"]
[Site "Baku URS"]
[Date "1972.11.17"]
[Round "1"]
[White "Mukhin, Mikhail"]
[Black "Tukmakov, Vladimir"]
[Result "1/2-1/2"]
[WhiteElo "2420"]
[BlackElo "2560"]
[EventDate "1972.11.16"]
[PlyCount "66"]

1.c4 Nf6 2.d4 g6 3.Nf3 Bg7 4.g3 O-O 5.Bg2 d6 6.O-O Nc6 7.Nc3 a6 8.Bd2 Rb8 
9.Rc1 b5 10.cxb5 axb5 11.d5 Na5 $6 12.b4 
    ( 12.Nd4 )
12...Nc4 13.Be1 $14 Bd7 14.Nd4 Qe8 15.Nc6 Rb7 16.a4 
    ( 16.Nxb5 Nb2 17.Qb3 Rxb5 18.Qxb2 Nxd5 )
16...Nb2 17.Qc2 Nxa4 18.Nxa4 bxa4 19.Qxa4 e6 20.e4 exd5 21.exd5 Ne4 22.Qa6
Bc8 23.Qc4 f5 24.f3 Nf6 25.Bf2 Qf7 26.Rfe1 Re8 27.Rxe8+ Nxe8 
    ( 27...Qxe8 28.Re1 )
28.Nd8 $16 Qd7 29.Nxb7 Bxb7 30.f4 Kf7 31.Qe2 
    ( 31.b5 )
31...Kf8 32.Qc4 Qa4 33.h3 Ba6 1/2-1/2

[Event "40th URS-ch"]
[Site "Baku URS"]
[Date "1972.11.19"]
[Round "3"]
[White "Furman, Semen"]
[Black "Tukmakov, Vladimir"]
[Result "0-1"]
[WhiteElo "2520"]
[BlackElo "2560"]
[EventDate "1972.11.16"]
[PlyCount "116"]

1.c4 Nf6 2.Nc3 g6 3.g3 Bg7 4.Bg2 O-O 5.d4 d6 6.Nf3 c6 7.O-O Qa5 8.d5 Qb4 
9.Nd2 Bd7 10.a3 Qb6 11.Rb1 cxd5 12.cxd5 Rc8 13.Nb3 Na6 14.Be3 Qd8 15.h3 
Qe8 16.Qd2 Nc7 17.Rbc1 a5 18.Nd4 a4 19.g4 Na6 20.g5 Nh5 21.Ne4 Nc5 22.Nxc5
dxc5 23.Nf3 b6 24.Nh2 Ra5 25.Ng4 Rb5 26.Nh6+ Kh8 27.Rc2 Rd8 28.Rd1 Bc8 29.
Qc1 Rb3 30.Kh2 f6 31.Rc3 Rb5 32.Bf3 fxg5 33.Bxh5 gxh5 34.Bxg5 Rd6 35.Qf4 
Rg6 36.Re3 Rb3 37.Rxb3 
    ( 37.Rxe7 $2 Qxe7 38.Bxe7 Rxh3# $19 )
37...axb3 38.Rd3 Qf8 39.Nf7+ Kg8 40.Rf3 Bf6 41.Nh6+ Kg7 42.h4 Qd8 43.Nf5+ 
Bxf5 44.Qxf5 c4 45.e4 Bxb2 46.e5 Qe8 47.Kh3 Bxa3 48.d6 exd6 49.Bf6+ Kf7 
50.Qxh5 Qe6+ 51.Kh2 Kg8 52.Rg3 Rxg3 53.fxg3 dxe5 54.Qg5+ Kf7 55.Bxe5 b2 
56.Qh5+ Qg6 57.Qf3+ Ke6 58.Bxb2 Qc2+ 0-1

[Event "40th URS-ch"]
[Site "Baku URS"]
[Date "1972.11.21"]
[Round "4"]
[White "Rashkovsky, Nukhim"]
[Black "Tukmakov, Vladimir"]
[Result "0-1"]
[WhiteElo "2430"]
[BlackElo "2560"]
[EventDate "1972.11.16"]
[PlyCount "92"]

1.c4 Nf6 2.Nc3 d5 3.cxd5 Nxd5 4.g3 g6 5.Bg2 Nb6 6.Nf3 Bg7 7.O-O Nc6 8.d3 
O-O 9.Bd2 e5 
    ( 9...h6 10.Rc1 e5 11.Qc2 Bg4 12.Qb1 Kh7 
        ( 12...Nd4 $5 )
    13.h3 Be6 14.Ne4 Bd5 15.e3 $14 {Portisch,L-Uhlmann,W,Amsterdam 1971} )
10.Ne4 
    ( 10.Rc1 $142 Nd4 $5 $10 )
10...a5 11.Nc5 Nd7 $1 12.Bg5 
    ( 12.Na4 Nd4 $13 )
12...Qe8 13.Nxd7 Qxd7 14.Qd2 Re8 $1 
    ( 14...Qd6 15.Bh6 $14 )
15.Rac1 Qd6 $15 {() Tukmakov} 16.Bh6 $6 e4 $1 17.Bf4 
    ( 17.dxe4 Qxd2 18.Bxd2 Bxb2 19.Rb1 Bg7 $17 )
    ( 17.Ne1 exd3 $17 )
17...exf3 $1 $17 18.Bxd6 fxg2 19.Kxg2 cxd6 20.e3 Be6 21.b3 f5 {/\Bd5,Ne5->
} 22.d4 
    ( 22.e4 a4 23.b4 a3 24.b5 Nd4 {><a2} )
22...Bd5+ 23.Kg1 
    ( 23.f3 Bh6 $40 )
23...g5 24.Qd3 Rf8 25.Qb5 
    ( 25.f3 $142 {/\Qb5,e4} 25...f4 $2 26.e4 Bxd4+ 27.Kh1 Be6 28.Rxc6 )
25...Bf3 $1 26.d5 
    ( 26.Qxb7 $2 Nxd4 )
26...Ne5 27.Rc7 
    ( 27.Qxb7 Rab8 28.Qc7 Be4 $40 )
27...Rab8 28.Rfc1 b6 29.Qa6 Bxd5 30.Rc8 Nf3+ 31.Kf1 $2 
    ( 31.Kg2 $142 )
31...Nxh2+ 32.Ke2 Rbxc8 33.Rxc8 h5 $1 34.Rxf8+ Bxf8 35.Qxb6 h4 36.gxh4 
gxh4 37.Qxa5 Be4 $19 {/\Nf3,h3-h2} 38.Qd8 Nf3 39.Qf6 h3 40.Qg6+ Bg7 41.
Qe8+ Bf8 42.Qg6+ Kh8 43.Qe8 Kg7 44.Qd7+ Kf6 45.Qd8+ Be7 46.Qh8+ Ke6 
    ( 46...Ke6 47.Kd1 h2 {/\Nh4} 48.Qh3 Bh4 49.a4 Bxf2 50.a5 Bg1 51.a6 Nh4
    )
0-1

[Event "40th URS-ch"]
[Site "Baku URS"]
[Date "1972.11.26"]
[Round "7"]
[White "Razuvaev, Yury"]
[Black "Kuzmin, Gennady"]
[Result "1-0"]
[WhiteElo "2490"]
[BlackElo "2520"]
[EventDate "1972.11.16"]
[PlyCount "59"]

1.e4 e6 2.d4 d5 3.Nc3 dxe4 4.Nxe4 Qd5 $5 5.Nc3 Bb4 6.Nf3 Bd7 
    ( 6...Nf6 $14 7.Bd3 Ne4 8.O-O $1 )
7.Bd3 Bb5 8.O-O Bxc3 9.bxc3 Nd7 10.Rb1 a6 11.c4 $5 
    ( 11.Qe2 $1 $14 Bxd3 12.cxd3 $16 {(Razuvaev)} )
11...Bxc4 12.Bxc4 Qxc4 13.Rxb7 Ngf6 14.Ba3 Nd5 $1 15.Re1 $6 
    ( 15.Rb3 $10 Nc3 16.Qd2 $2 Ne2+ 17.Kh1 Ng3+ )
15...N5b6 16.Rxb6 $1 
    ( 16.Qd2 $2 O-O-O $1 17.Ra7 Kb8 $1 $19 {(Razuvaev} )
16...cxb6 $1 
    ( 16...Nxb6 17.Ne5 Qd5 
        ( 17...Qa4 18.Qh5 $1 Qxa3 19.Qxf7+ Kd8 20.Qxe6 $1 $18 )
    18.c4 $1 Nxc4 19.Qa4+ $16 )
17.Ng5 Nf6 18.Qf3 Ra7 19.Qg3 Rc7 20.h3 $1 Kd8 21.Nf3 Ne8 $2 $16 
    ( 21...Nd5 $1 22.Qxg7 Re8 $17 )
    ( 21...Re8 22.Bd6 $1 $16 )
    ( 21...Rg8 $2 22.Ne5 Qd5 23.c4 Qxd4 24.Qf3 $16 )
22.Ne5 Qd5 23.c4 Qb7 
    ( 23...Qa5 24.Rd1 f6 25.Qf3 $1 fxe5 26.Qa8+ Rc8 27.dxe5+ Kc7 28.Qa7+ 
    Kc6 29.Qd7# )
24.d5 $1 exd5 25.Rd1 f5 
    ( 25...f6 26.Rxd5+ Kc8 27.Qg4+ Kb8 28.Nd7+ Ka7 29.c5 $1 $18 )
26.cxd5 Nf6 27.d6 Rd7 28.Nxd7 Qxd7 29.Qe3 Qb7 30.d7 $1 1-0

[Event "40th URS-ch"]
[Site "Baku URS"]
[Date "1972.11.29"]
[Round "9"]
[White "Savon, Vladimir"]
[Black "Grigorian, Karen"]
[Result "0-1"]
[WhiteElo "2595"]
[BlackElo "2470"]
[EventDate "1972.11.16"]
[PlyCount "110"]

1.e4 c5 2.Nf3 d6 3.d4 cxd4 4.Nxd4 Nf6 5.Nc3 a6 6.f4 Qb6 7.Nf3 g6 8.Bc4 Bg7
9.Qe2 e6 10.f5 O-O 11.fxg6 hxg6 12.Bb3 Nc6 13.Be3 Qc7 14.Rd1 b5 15.a3 Bb7 
16.O-O Ne5 17.Ng5 Rae8 18.Qe1 Nh7 19.Nxh7 Kxh7 20.Qd2 Rd8 21.Bg5 f6 22.Bf4
Qc5+ 23.Be3 Nc4 24.Bxc4 Qxc4 25.Qf2 Qc6 26.Qh4+ Kg8 27.Qg3 Kf7 28.Bd4 Rh8 
29.Qf2 f5 30.Bxg7 Kxg7 31.exf5 gxf5 32.Ne2 Kf7 33.Nd4 Qc5 34.Nf3 Kf6 35.
Qxc5 dxc5 36.Rde1 Rdg8 37.Re2 Rg4 38.Nd2 Rhg8 39.Rff2 e5 40.h3 Rd4 41.Kh2 
f4 42.Nf3 Re4 43.Rd2 Ke6 44.h4 Re3 45.Ng5+ Kf6 46.Rd6+ Kf5 47.Rb6 Rg7 48.
Rd2 Rg3 49.Rh6 e4 50.Ne6 Rg8 51.Nxc5 e3 52.Rh5+ Kg4 53.Re2 Kxh5 54.Nxb7 f3
55.gxf3 Kxh4 0-1

[Event "40th URS-ch"]
[Site "Baku URS"]
[Date "1972.11.30"]
[Round "10"]
[White "Vasiukov, Evgeny"]
[Black "Bronstein, David"]
[Result "1-0"]
[WhiteElo "2575"]
[BlackElo "2585"]
[EventDate "1972.11.16"]
[PlyCount "113"]

1.e4 e5 2.Nf3 Nf6 3.Nxe5 d6 4.Nf3 Nxe4 5.d4 Be7 6.Bd3 d5 7.O-O Nd6 8.Nc3 
c6 9.Re1 O-O 10.Ne2 Nd7 11.Ng3 Re8 12.c3 Nf8 13.Qc2 Bg4 14.Ne5 Be6 15.f4 
f6 16.Nf3 Bf7 17.f5 Nd7 18.Bf4 c5 19.Rad1 c4 20.Be2 b5 21.Nd2 b4 22.Bh5 
Nb5 23.Bxf7+ Kxf7 24.Qa4 a6 25.cxb4 Nb6 26.Qa5 c3 27.bxc3 Nxc3 28.Rc1 Nba4
29.Qxd8 Bxd8 30.Rxe8 Kxe8 31.a3 a5 32.Nb3 axb4 33.axb4 Nb5 34.Ra1 Ra6 35.
Kf1 Be7 36.Bd2 Nd6 37.Be1 Nc4 38.Ke2 Ncb2 39.Nh5 g6 40.fxg6 hxg6 41.Nf4 
Kf7 42.Nxd5 Bf8 43.Kf3 f5 44.h4 Bh6 45.Bg3 Bg7 46.Bf4 Ra7 47.Nb6 Bf6 48.g3
Bd8 49.Nxa4 Rxa4 50.Rxa4 Nxa4 51.Nc5 Nc3 52.Bd2 Nd5 53.Nd7 Bf6 54.Nxf6 
Kxf6 55.b5 Ke6 56.Bf4 Kd7 57.Be5 1-0

[Event "40th URS-ch"]
[Site "Baku URS"]
[Date "1972.12.04"]
[Round "12"]
[White "Lein, Anatoly"]
[Black "Tukmakov, Vladimir"]
[Result "0-1"]
[WhiteElo "2530"]
[BlackElo "2560"]
[EventDate "1972.11.16"]
[PlyCount "80"]

1.d4 Nf6 2.c4 g6 3.g3 Bg7 4.Bg2 O-O 5.Nc3 d6 6.Nf3 c6 7.O-O Qa5 8.d5 Qb4 
9.Nd2 Bd7 10.a4 a5 $1 11.Ra3 Qb6 12.Qb3 Qc7 13.Nde4 Nxe4 14.Nxe4 Na6 15.
Bg5 Bf5 16.Nc3 Nc5 17.Qa2 Ra6 $15 18.Rc1 Rb6 19.Bd2 Ra8 20.Nd1 Bg4 21.f3 
Bd7 22.Kh1 Qd8 23.b3 Qe8 24.Nc3 Qf8 25.Qc2 e6 26.f4 
    ( 26.dxe6 Bxe6 )
26...cxd5 27.cxd5 e5 $1 28.Bf3 Qe7 29.Nb5 exf4 30.Bxf4 
    ( 30.gxf4 Bf5 )
30...Be5 31.Bd2 Bf5 32.e4 Bd7 33.Bg2 Kg7 34.Nc7 $2 Rc8 35.Bxa5 Rxb3 $1 36.
Rxb3 Bxa4 37.Rxb7 Bxc2 38.Ne6+ Qxe6 39.dxe6 Nxb7 40.Rxc2 Rxc2 0-1

[Event "40th URS-ch"]
[Site "Baku URS"]
[Date "1972.12.05"]
[Round "13"]
[White "Balashov, Yury"]
[Black "Tal, Mikhail"]
[Result "0-1"]
[WhiteElo "2560"]
[BlackElo "2625"]
[EventDate "1972.11.16"]
[PlyCount "98"]

1.d4 Nf6 2.c4 e6 3.Nf3 d5 4.g3 Be7 5.Bg2 O-O 6.O-O Nbd7 7.Qc2 c6 8.b3 b6 
9.Bb2 Ba6 $5 
    ( 9...Bb7 10.Nc3 Qc7 11.e4 dxe4 12.Nxe4 c5 $10 {Ribli, 
    Z-Spassky,B/Linares/1981/} )
10.Nbd2 c5 $6 
    ( 10...Rc8 11.Rac1 
        ( 11.e4 c5 12.exd5 exd5 13.Qf5 g6 14.Qh3 h5 $10 )
    11...c5 12.Qb1 cxd4 13.Nxd4 Bc5 14.cxd5 Nxd5 $10 )
11.e4 dxc4 12.bxc4 $6 
    ( 12.e5 $142 cxb3 13.axb3 Bxf1 14.exf6 Bxg2 15.fxe7 Qxe7 16.Kxg2 $14 {
    Tal/} )
12...cxd4 13.e5 
    ( 13.Bxd4 Nc5 14.e5 Nfd7 $15 )
13...d3 $1 14.Qxd3 $6 
    ( 14.Qc3 $142 Ne8 15.Qxd3 Nc5 $10 )
14...Nxe5 $1 15.Qc2 
    ( 15.Nxe5 Qxd3 16.Nxd3 Rad8 $17 )
15...Qd3 $17 16.Qa4 $1 
    ( 16.Qxd3 Nxd3 17.Bc3 Rac8 $19 )
16...Nxf3+ 17.Bxf3 Qxd2 18.Bxf6 Bxf6 19.Qxa6 Bxa1 20.Bxa8 Bd4 $1 $17 
    ( 20...Rxa8 21.Rxa1 $15 )
21.Bf3 g6 22.Qxa7 Rd8 23.Kg2 Bc5 24.Qc7 Rd6 25.a4 Qa2 {/\ Rd2 ><f2/} 26.
Qb7 Qxa4 27.Be2 $1 Qc2 28.Qf3 Rd2 29.Re1 Kg7 30.Kf1 Bd4 
    ( 30...e5 $5 {/\ Rd6-f6-+/} )
31.h4 h5 32.Kg2 
    ( 32.Rd1 Rxd1+ 33.Bxd1 Qxc4+ $19 )
32...e5 33.Kf1 Bc5 $1 {/\ Rd6-f6-+/} 34.Rd1 Rxd1+ 35.Bxd1 Qxc4+ $19 36.Be2
Qd4 37.Kg2 e4 38.Qf4 $8 Qd5 39.Kf1 Bd6 40.Qe3 Bc5 41.Qc3+ Bd4 42.Qc4 Qe5 
43.Kg2 Bc5 44.Bd1 Qf6 45.Qe2 
    ( 45.Qxe4 Qxf2+ 46.Kh3 Qf1+ $19 )
45...Qd4 46.Bc2 f5 47.Bb3 b5 48.Bc2 b4 49.Bb3 Qc3 $1 0-1

[Event "40th URS-ch"]
[Site "Baku URS"]
[Date "1972.12.07"]
[Round "14"]
[White "Grigorian, Karen"]
[Black "Tukmakov, Vladimir"]
[Result "0-1"]
[WhiteElo "2470"]
[BlackElo "2560"]
[EventDate "1972.11.16"]
[PlyCount "114"]

1.d4 d5 2.c4 dxc4 3.Nf3 Nf6 4.e3 e6 5.Bxc4 c5 6.O-O a6 7.Nc3 b5 8.Bb3 Bb7 
9.Qe2 Nbd7 10.Rd1 Qb8 11.d5 Nxd5 12.Nxd5 exd5 13.e4 d4 14.e5 Nb6 
    ( 14...Bxf3 $5 15.Qxf3 c4 16.Bf4 Qc8 $13 )
15.Bf4 c4 16.Rxd4 Qc8 17.Bc2 Bc5 18.Rdd1 Nd5 19.Bg3 Nb4 20.Bb1 Qg4 21.e6 
Qxe6 22.Qd2 Bxf3 23.Re1 Rd8 24.Rxe6+ fxe6 25.Bg6+ hxg6 26.Qc3 Be4 27.Qe5 
Bd5 28.Qxg7 Rf8 29.Qxg6+ Kd7 30.Qg7+ Be7 31.a4 Nc6 32.axb5 axb5 33.Bh4 Rg8
34.Qf7 Ra8 35.Rxa8 Rxa8 36.h3 b4 37.Qg7 Rb8 38.Bf6 e5 39.Bxe7 Rg8 40.Qf6 
Rxg2+ 41.Kf1 Nxe7 42.Qxe5 Rg6 43.f4 Re6 44.Qd4 Rc6 45.Ke1 c3 46.bxc3 bxc3 
47.Kd1 c2+ 48.Kc1 Rc4 49.Qe5 Be4 50.Qb5+ Rc6 51.h4 Ke8 52.Qh5+ Kf8 53.Qh8+
Kf7 54.Qh5+ Bg6 55.Qb5 Rd6 56.Qc4+ Kf8 57.Qe2 Rb6 0-1

[Event "40th URS-ch"]
[Site "Baku URS"]
[Date "1972.12.11"]
[Round "16"]
[White "Bagirov, Vladimir"]
[Black "Zhidkov, Valery"]
[Result "1-0"]
[WhiteElo "2515"]
[BlackElo "2490"]
[EventDate "1972.11.16"]
[PlyCount "71"]

1.d4 d5 2.c4 e6 3.Nc3 Be7 4.cxd5 exd5 5.Bf4 c6 6.e3 Bf5 7.Nge2 Nf6 8.Ng3 
Bg6 
    ( 8...Be6 $1 $14 )
9.h4 Qb6 
    ( 9...h5 10.Bd3 $16 {Chekhov-Timoshenko/ SSSR/1987/i44/(478)} )
10.Qd2 h5 11.Bd3 Bxd3 12.Qxd3 g6 
    ( 12...Qxb2 13.Rb1 Qa3 14.Rxb7 Bb4 15.Bxb8 Bxc3+ 16.Ke2 Qxa2+ 17.Kf3 
    $16 )
13.O-O-O $14 Na6 14.e4 Nb4 15.Qf3 dxe4 16.Ngxe4 O-O 17.Rhe1 Nbd5 18.Bg5 
Nxe4 19.Nxe4 Bxg5+ 20.hxg5 Qa5 21.Kb1 Rae8 22.Rh1 Kg7 23.Nf6 Re6 24.Nd7 
Rh8 25.a3 Qc7 26.Ne5 Qe7 27.g3 a5 28.Qb3 Qc7 29.f4 Qb6 30.Qd3 a4 31.f5 
gxf5 32.Qxf5 Re7 33.Ka1 c5 34.dxc5 Qb3 35.Rhf1 Rf8 36.Rd3 1-0

[Event "40th URS-ch"]
[Site "Baku URS"]
[Date "1972.12.17"]
[Round "20"]
[White "Savon, Vladimir"]
[Black "Tukmakov, Vladimir"]
[Result "1-0"]
[WhiteElo "2595"]
[BlackElo "2560"]
[EventDate "1972.11.16"]
[PlyCount "69"]

1.e4 c5 2.Nf3 Nc6 3.d4 cxd4 4.Nxd4 Nf6 5.Nc3 d6 6.Bg5 e6 7.Qd2 a6 8.O-O-O 
Bd7 9.f4 b5 10.Bxf6 gxf6 11.Kb1 
    ( 11.Nxc6 Bxc6 12.Qe1 Be7 13.Bd3 $14 )
11...Qb6 
    ( 11...b4 $5 12.Nce2 Qb6 13.f5 e5 $10 )
12.Nce2 h5 
    ( 12...Rc8 $5 13.f5 Nxd4 14.Nxd4 e5 15.Ne2 b4 $10 {
    Petrushin,A-Tukmakov,V/URS(chI)/1977/0: 1 (25)/} )
13.g3 h4 
    ( 13...O-O-O $142 14.Bg2 Kb8 15.Rhf1 Ne7 16.Nb3 Bc6 $13 {
    Timman,J-Torre,E/Rio de Janeiro(izt)/1979/} )
14.Bh3 $1 $14 
    ( 14.Bg2 )
14...hxg3 15.hxg3 {/\ Be6/} 15...Rg8 16.Nf3 Qc5 17.g4 b4 
    ( 17...O-O-O $5 18.Ng3 Kb8 19.Nh5 Be7 $14 )
18.Ng3 Na5 19.b3 Bc6 20.Rhe1 O-O-O {/\ d5/} 21.Nh5 Be7 22.f5 $1 e5 
    ( 22...d5 23.e5 d4 24.Qf4 $16 )
23.g5 d5 24.gxf6 $1 dxe4 $8 25.fxe7 Rxd2 26.Nxd2 e3 27.Nf1 $1 $16 
    ( 27.f6+ Kc7 28.Nf1 e4 29.Ng7 Qe5 $13 )
27...f6 28.Nxf6 Rh8 29.Rxe3 Qxe7 30.Nd5 $1 Qf7 
    ( 30...Bxd5 31.f6+ $18 )
    ( 30...Qc5 $142 31.Rxe5 Kb8 32.Bg2 $16 )
31.Nxb4 Bb7 32.Nd3 $1 Nc6 
    ( 32...Rd8 $142 )
33.Nc5 $18 Ba8 34.f6+ Kb8 35.Rd7 
    ( 35.Rd7 Qxf6 36.Nxa6+ Kc8 37.Rf7+ )
1-0

[Event "40th URS-ch"]
[Site "Baku URS"]
[Date "1972.12.19"]
[Round "21"]
[White "Shamkovich, Leonid"]
[Black "Savon, Vladimir"]
[Result "1/2-1/2"]
[WhiteElo "2535"]
[BlackElo "2595"]
[EventDate "1972.11.16"]
[PlyCount "30"]

1.d4 Nf6 2.c4 g6 3.Nc3 Bg7 4.e4 d6 5.Be2 O-O 6.Nf3 e5 7.dxe5 dxe5 8.Qxd8 
Rxd8 9.Bg5 Re8 10.Nd5 Nxd5 11.cxd5 c6 12.Bc4 cxd5 13.Bxd5 Nc6 14.a3 Nd4 
15.Nxd4 exd4 1/2-1/2